Govt. of
Madhya Pradesh

The Historian As An Archivist (Record no. 14278)

MARC details
000 -LEADER
fixed length control field 004840000a22001930004500
001 - CONTROL NUMBER
control field 002366
003 - CONTROL NUMBER IDENTIFIER
control field MACL
005 - DATE AND TIME OF LATEST TRANSACTION
control field 20150910155418.0
008 - FIXED-LENGTH DATA ELEMENTS--GENERAL INFORMATION
fixed length control field 150910b xxu||||| |||| 00| 0 eng d
040 ## - CATALOGING SOURCE
Original cataloging agency MACL
Transcribing agency MACL
041 ## - LANGUAGE CODE
Language code of text/sound track or separate title English
082 ## - DEWEY DECIMAL CLASSIFICATION NUMBER
Classification number 821/SIN
100 ## - MAIN ENTRY--PERSONAL NAME
Personal name Sinha, Pradip
9 (RLIN) 9978
245 ## - TITLE STATEMENT
Title The Historian As An Archivist
Statement of responsibility, etc. Pradip Sinha
260 ## - PUBLICATION, DISTRIBUTION, ETC. (IMPRINT)
Place of publication, distribution, etc. Calcutta
Date of publication, distribution, etc. 1999
Name of publisher, distributor, etc. Vidyasagar University,
350 ## - PRICE (NR) (BK AM CF MU VM SE) [OBSOLETE]
Price 300
650 ## - SUBJECT ADDED ENTRY--TOPICAL TERM
Topical term or geographic name as entry element English Essay
9 (RLIN) 8946
942 ## - ADDED ENTRY ELEMENTS (KOHA)
Call number prefix 821
Koha item type Books
Source of classification or shelving scheme
Holdings
Withdrawn status Lost status Source of classification or shelving scheme Damaged status Not for loan Home library Current library Date acquired Cost, normal purchase price Total Checkouts Full call number Barcode Date last seen Uniform Resource Identifier Price effective from Koha item type
          MACL MACL 15/04/2015 300.00   821/SIN CRE018256 02/05/2024 14161 15/04/2015 Books